INTRODUCTION TO ARM CORTEX TM-M MICROCONTROLLERS (Record no. 216717)
[ view plain ]
| 000 -LEADER | |
|---|---|
| fixed length control field | 00530nam a22001817a 4500 |
| 008 - FIXED-LENGTH DATA ELEMENTS--GENERAL INFORMATION | |
| fixed length control field | 260226b |||||||| |||| 00| 0 eng d |
| 020 ## - INTERNATIONAL STANDARD BOOK NUMBER | |
| International Standard Book Number | 978-1477508992 |
| 050 ## - LIBRARY OF CONGRESS CALL NUMBER | |
| Classification number | TK 7895 .E42 V35 2019 V1 |
| Item number | 1 |
| 100 ## - MAIN ENTRY--PERSONAL NAME | |
| Personal name | VALVANO,JONATHAN W. |
| 245 ## - TITLE STATEMENT | |
| Title | INTRODUCTION TO ARM CORTEX TM-M MICROCONTROLLERS |
| 250 ## - EDITION STATEMENT | |
| Edition statement | 5TH EDITION |
| 260 ## - PUBLICATION, DISTRIBUTION, ETC. | |
| Place of publication, distribution, etc. | TEXAS, |
| Name of publisher, distributor, etc. | TRADEMARKS, |
| Date of publication, distribution, etc. | 2019 |
| 300 ## - PHYSICAL DESCRIPTION | |
| Extent | Xii,495P;ILL |
| 500 ## - GENERAL NOTE | |
| General note | INCLUDES,BIBLOGRAPHIC REFERENCES AND INDEX |
| 650 ## - SUBJECT ADDED ENTRY | |
| Topical term or geographic name entry element | EMBEDDED SYSTEMS |
| 942 ## - ADDED ENTRY ELEMENTS (KOHA) | |
| Source of classification or shelving scheme | Library of Congress Classification |
| Koha item type | Long Loan Book |
| Withdrawn status | Lost status | Source of classification or shelving scheme | Damaged status | Not for loan | Collection | Home library | Current library | Shelving location | Date acquired | Inventory number | Total checkouts | Full call number | Barcode | Date last seen | Copy number | Price effective from | Koha item type |
|---|---|---|---|---|---|---|---|---|---|---|---|---|---|---|---|---|---|
| Library of Congress Classification | Science & Technology | Kisii University Library | Kisii University Library | On Display | 02/27/2026 | 111253 | TK 7895 .E42 V35 2019 V.1 | A000812 | 02/27/2026 | 1 | 02/27/2026 | Long Loan Book | |||||
| Library of Congress Classification | Science & Technology | Kisii University Library | Kisii University Library | On Display | 03/05/2026 | 111254 | TK 7895 .E42 V35 2019 V.1 | A000809 | 03/05/2026 | 2 | 03/05/2026 | Long Loan Book | |||||
| Library of Congress Classification | Science & Technology | Kisii University Library | Kisii University Library | On Display | 03/05/2026 | 111255 | TK 7895 .E42 V35 2019 V.1 | A000811 | 03/05/2026 | 3 | 03/05/2026 | Long Loan Book | |||||
| Library of Congress Classification | Science & Technology | Kisii University Library | Kisii University Library | On Display | 03/05/2026 | 111256 | TK 7895 .E42 V35 2019 V.1 | A000813 | 03/05/2026 | 4 | 03/05/2026 | Long Loan Book |